Statistics for Canadian capitals of provinces and territories

Click here to take the quiz!

General Stats

  • This quiz has been taken 15 times
  • The average score is 8 of 13

Answer Stats

HintAnswer% Correct
OntarioToronto
93%
ManitobaWinnipeg
93%
AlbertaEdmonton
87%
Nova ScotiaHalifax
87%
QuebecQuebec City
80%
British ColumbiaVictoria
73%
SaskatchewanRegina
67%
Newfoundland and LabradorSt. John's
60%
YukonWhitehorse
60%
Northwest TerritoriesYellowknife
47%
New BrunswickFredericton
33%
Prince Edward IslandCharlottetown
33%
NunavutIqaluit
33%

Score Distribution

Percentile by Number Answered

Percent of People with Each Score

Your Score History

You have not taken this quiz